000
00335 a2200109 4500
001
ART_25744
005
20260410161601.0
008
260409a
245
1
0
_a
Gestión eficiente de empresas gastronómicas
100
1
_a
Iacomucci, Norma H.
773
0
_t
Profesional & Empresaria
_g
- Año VII, Nº 83 (ago. 2006)
_w
REV70
999
_c
9710
_d
9710